Landlocked Africa Map Quiz Stats

 Plays Quiz Updated Jul 2, 2018

Challenge
Share
Tweet
Score 0/16 Timer 04:00
0 Plays Today
% Correct
Chad
95.3%
Niger
95.3%
South Sudan
93.1%
Lesotho
93%
Mali
91.8%
Central African Republic
91.2%
Rwanda
91%
Zimbabwe
91%
% Correct
Uganda
89.3%
eSwatini
88.4%
Zambia
88.3%
Botswana
87.8%
Ethiopia
83.1%
Malawi
82.6%
Burundi
81.6%
Burkina Faso
81.2%

You're not logged in!

Compare scores with friends on all Sporcle quizzes.
Join for Free
OR
Log In

You Might Also Like...

Show Comments

Extras

Top Quizzes Today


Score Distribution

Your Account Isn't Verified!

In order to create a playlist on Sporcle, you need to verify the email address you used during registration. Go to your Sporcle Settings to finish the process.

Report this User

Report this user for behavior that violates our Community Guidelines.

Details: